El mastodón platensis de Corrientes (Mastodon Piryauiense) : (Record no. 72496)
[ view plain ]
| 000 -LEADER | |
|---|---|
| campo de control de longitud fija | 00787nam a2200229 i 4500 |
| 001 - NÚMERO DE CONTROL | |
| campo de control | 72496 |
| 003 - IDENTIFICADOR DE NÚMERO DE CONTROL | |
| campo de control | ES-MaACL |
| 005 - FECHA Y HORA DE LA ÚLTIMA TRANSACCIÓN | |
| campo de control | 20250728063123.0 |
| 007 - CAMPO FIJO DE DESCRIPCIÓN FÍSICA--INFORMACIÓN GENERAL | |
| campo de control de longitud fija | t| |
| 008 - DATOS DE LONGITUD FIJA--INFORMACIÓN GENERAL | |
| campo de control de longitud fija | 040901s1915 ag ||||1| spa d |
| 080 ## - NÚMERO DE LA CLASIFICACIÓN DECIMAL UNIVERSAL | |
| Número de la Clasificación Decimal Universal | 56:599 |
| 100 1# - ENTRADA PRINCIPAL--NOMBRE DE PERSONA | |
| Nombre de persona | Gez, Juan Wenceslao, |
| Fechas asociadas al nombre | 1865-1932 |
| Término indicativo de función/relación | Autor |
| 9 (RLIN) | 56548 |
| 245 13 - MENCIÓN DEL TÍTULO | |
| Título | El mastodón platensis de Corrientes (Mastodon Piryauiense) : |
| Resto del título | conferencia dada en el Teatro Juan de Vera el 10 de diciembre de 1914 / |
| Mención de responsabilidad, etc. | Juan W. Gez |
| 250 ## - MENCION DE EDICION | |
| Mención de edición | 2ª ed. |
| 260 ## - PUBLICACIÓN, DISTRIBUCIÓN, ETC. | |
| Lugar de publicación, distribución, etc. | Corrientes (Argentina): |
| Nombre del editor, distribuidor, etc. | Imp. del Estado, |
| Fecha de publicación, distribución, etc. | 1915 |
| 300 ## - DESCRIPCIÓN FÍSICA | |
| Otras características físicas | ilustraciones |
| 650 #7 - PUNTO DE ACCESO ADICIONAL DE MATERIA--TÉRMINO DE MATERIA | |
| Término de materia o nombre geográfico como elemento de entrada | Mamíferos fósiles |
| Fuente del encabezamiento o término | embne |
| 9 (RLIN) | 241402 |
| 852 ## - LOCALIZACIÓN | |
| Ubicación | ES-MaACL |
| Ubicación en estantería | Depósito folletos |
| Donativo/Legado | Donativo argentino |
| Número de control de estantería | 1592-F-16 |
| 942 ## - ELEMENTOS DE ENTRADA SECUNDARIOS (KOHA) | |
| Fuente del sistema de clasificación o colocación | Clasificación decimal universal |
| Tipo de ítem Koha | Folleto |
| Suprimir en OPAC | No |
| Estatus retirado | Estado de pérdida | Fuente del sistema de clasificación o colocación | Estado de daño | No para préstamo | Colección | Biblioteca de origen | Biblioteca actual | Ubicación en estantería | Fecha de adquisición | Fuente de adquisición | Total de préstamos | Signatura topográfica completa | Código de barras | Visto por última vez | Tipo de ítem Koha |
|---|---|---|---|---|---|---|---|---|---|---|---|---|---|---|---|
| Clasificación decimal universal | Colección de folletos | Biblioteca del Ateneo de Madrid | Biblioteca del Ateneo de Madrid | Depósito folletos | 17/01/2008 | Donación | 1592-F-16 | 1075896 | 23/02/2023 | Folleto |
